000 00349 a2200157 4500
001 62100
020 _a9788502083981
040 _cAnchieta - Pituba
100 _aNicoleis, Giselda laporta
240 1 0 _aO tigre na caverna
_lpor
245 1 0 _aO tigre na caverna
300 _a125
362 0 _a2009
650 4 _aLiteratura juvenil
942 _cBK
999 _c62100
_d62100